000 00497nam a2200205Ia 4500
005 20240823053801.0
008 240823s9999||||xx |||||||||||||| ||und||
020 _a81-219-1021-8
041 _aENGLISH
082 _A658.153 P8
100 _aMishra M N
245 0 _aInsurance Principles and Practice
250 _a1st
260 _c2008
_bS chand New D
_aNew Delhi
500 _aYES
650 _aInsurance
_bManagement Studies
700 _a Mishra S B
942 _cBK
999 _c224942
_d224942